Statistics for Organisk Kemi 1 (70 frågor)

Click here to take the quiz!

General Stats

  • This quiz has been taken 3 times
  • The average score is 30 of 70

Answer Stats

HintAnswer% Correct
Vad är mest stabilt? E/ZE
100%
Hur vill substituenter helt bind? Axeiellt/EkvatorieltEkvatorielt
100%
En karbanjon är ____ laddadNegativt
100%
En katbokatjon är ____ laddadPositivt
100%
Vad är mest stabilt? Staggered/EclipsedStaggered
100%
Vad är mest stabilt? Båt/StolStol
100%
Sn1-reaktioner går i _ steg2
67%
Elektrondragande grupper Gynnar/misgynnar Alkoholers SyrastyrkaGynnar
67%
I en vattenlösning, kommer en sekundär amin vara en starkare bas än en primär amin? Ja/NejJa
67%
Elektrondragande grupper Gynnar/missgynnar Aminers BasstyrkaMissgynnar
67%
Har en sådan mollekyl postiv eller negativ Induktiv effekt?Negativ
67%
I en vattenlösning, kommer en sekundär alkohol vara en starkare syra än en primär alkohol? Ja/NejNej
67%
Är alkohol en bra lämnande grupp? Ja/NejNej
67%
Är Vätebindningarna mellan Aminer är starkare än de mellan Alkoholer? Ja/nejNej
67%
Karbonylkolets reaktivitet Ökar/Minskar om det sitter Elektrondragande grupperÖkar
67%
Har en sådan mollekyl postiv eller negativ Induktiv effekt?Positiv
67%
I Williamsons Estersyntes används en ____alkohol för att bilda en ester. (Primär/sekundär/tetriär)Tetriär
67%
Aminer har pKa=10
33%
Fenoler har pKa=10-9
33%
Alifatiska Alkoholer har pKa=15
33%
Anilin har pKa=4
33%
Karboxylsyra har pKa=4
33%
En Primär alkohol oxideras enligt Collins-Reages, Vad blir slutprodukten?Aldehyd
33%
Det finns 4 Karboxylsyra-derivat. Nämn ett av demAlkanoylkllorider/syraklorider, Anhydrider, Estrar, Karboxamider (amider)
33%
En deprotonerad alkohol kallasAlkoholatjon
33%
Sn2-Reaktioner sker i _____ ordningenAndra
33%
DMF,DMSO,CH3CN är all exempel på Polära ___ lösningsmedelAprotiska
33%
LDA är en mycket bra ___Bas
33%
Generellt talar man om aminers ____styrkaBasstyrka
33%
Om 2 molekyler INTE är spegelbilder kallas de ___Diastereomerer
33%
En elektrofil kan också kallas Elektron____Donerande
33%
En karbokatjon stabiliseras av Elektron_____ LiganderDonerande
33%
En karbanjon stabiliseras av Elektron____ liganderDragande
33%
En nukleofil kan också kallas Elektron____Dragande
33%
Eliminationsreaktioner bildar alltid en ____Dubbelbindning
33%
En metylgrupp är en Elektron____ gruppElektrondonerande
33%
En molekyl med lägre Elektronegativitet än Kol kallasElektrondonerande
33%
En bensenring är en Elektron____ gruppElektrondragande
33%
En molekyl med högre Elektronegativitet än Kol kallasElektrondragande
33%
Spegelbildsmolekyler kallas också ____Enantiomerer
33%
Ketoform och ___formEnolform
33%
E1 och Sn1 är konkurenter för att ___ steget är identisktFörsta
33%
Elektrondragande grupper ____ elektrofil karaktär hos KarbonylkolFörstärker
33%
Vad kommer du får på Tentan?Godkänt
33%
Vilken syra används vid Fischer-Förestring?H2SO4
33%
Eliminationsreaktioner gynnas avHög Temperatur
33%
Addition av vatten kallas ocksåHydratisering
33%
Är detta rätt ordning för reaktionshastigheten vid Sn2?
1-Koncentrationen
2-Alkylhalidens Struktur
3-Lämnande Gruppens Egenskaper
4-Lösngsmedlet
5-Nukleofilens egenskaper
Ja
33%
Vilken halogen är den bästa Lämnande Gruppen?Jodid
33%
En primär alkohol oxideras enligt Jones-Reages, Vad blir slutprodukten?Karboxylsyra
33%
En sekundär alkohol oxideras enligt Jones-Reages, Vad blir slutprodukten?Keton
33%
En sekundär alkohol oxideras enligt Collins-Reages, Vad blir slutprodukten?Keton
33%
Med tanke på Solvatiseringseffekten kommer en etanol ha _____ pKa än hexanolLägre
33%
Du ska reducera en ester, vad ska du använda för Hydrid-Donator?LiAlH4
33%
Vad är starkast av Induktiv och Mesomer effekt?Mesomer
33%
Ökar eller Minskar pKa för en Alkohol om man sätter en Elektrondragande grupp på Alpha-kolet?Minskar (Syrastyrkan ökar)
33%
Du ska reducera en keton, vad ska du använda för Hydrid-Donator?NaBH4
33%
Binder en nukleofil på samma sida som den Lämnande Gruppen satt på i Sn2?Nej
33%
Är detta rätt ordning för reaktionshastigheten vid Sn2?
1-Lösningsmedlet
2-Alkylhalidens Struktur
3-Lämnande Gruppens Egenskaper
4-Koncentrationen
5-Nukleofilens egenskaper
Nej (Lösningsmedel=4)(Koncentration=1)
33%
Är detta rätt ordning för reaktionshastigheten vid Sn1?
1-Koncentration
2-Alkylhalidens Struktur
3-Lämnande Gruppens Egenskaper
4-Lösningsmedlet
5-Nukleofilens egenskaper
Nej (Nukleofilens egenskaper är bara viltiga i Sn2)
33%
Vid en Sn1-reaktion kan 2 molekyler bildas. Vad kallas de?Racemat
33%
Om konfugurationen går medsols kallas det för ___Rectus
33%
Vad är motsatsen till en Oxidation?Reduktion
33%
Anledningen till att en deprotonerad karboxylsyra är så stabil är pga?Resonansstabilisering
33%
Om konfugurationen går motsols kallas det för ___Sinister
33%
Polär Protiska lösningsmedel gynnar ___-reaktionerSn1
33%
Karboxylsyror är sp_-hybridiseradesp2
33%
Generellt talar man om alkoholers ____styrkaSyrastyrka
33%
En Protonerad Alkohol kallasAlkyloxoniumjon
0%
Vad är ett krav vid Friedel-Crafts Acylering?En Lewis-syra
0%

Score Distribution

Percentile by Number Answered

Percent of People with Each Score

Your Score History

You have not taken this quiz